<?xml version="1.0" encoding="UTF-8"?>
<collection xmlns="http://www.loc.gov/MARC21/slim">
  <record>
    <leader>00000nam  2200000   4500</leader>
    <controlfield tag="001">INLIS000000000017070</controlfield>
    <controlfield tag="005">20240529014355</controlfield>
    <datafield tag="035" ind1="#" ind2="#">
      <subfield code="a">0010-0524000096</subfield>
    </datafield>
    <controlfield tag="007">ta</controlfield>
    <controlfield tag="008">240529################g##########0#ind##</controlfield>
    <datafield tag="082" ind1="#" ind2="#">
      <subfield code="a">352.14</subfield>
    </datafield>
    <datafield tag="084" ind1="#" ind2="#">
      <subfield code="a">352.14 JAF k</subfield>
    </datafield>
    <datafield tag="100" ind1=" " ind2="#">
      <subfield code="a">Jafar, Marwan</subfield>
    </datafield>
    <datafield tag="245" ind1="1" ind2="#">
      <subfield code="a">Kebangkitan Desa /</subfield>
      <subfield code="c">Marwan Jafar</subfield>
    </datafield>
    <datafield tag="250" ind1="#" ind2="#">
      <subfield code="a">Cetakan ke 1</subfield>
    </datafield>
    <datafield tag="260" ind1="#" ind2="#">
      <subfield code="a">Jakarta :</subfield>
      <subfield code="b">Kementrian Desa, Pembangunan Daerah Tertinggal dan Transmigrasi,</subfield>
      <subfield code="c">2015</subfield>
    </datafield>
    <datafield tag="300" ind1="#" ind2="#">
      <subfield code="a">276 halaman :</subfield>
      <subfield code="b">ilus ;</subfield>
      <subfield code="c">21 cm</subfield>
    </datafield>
    <datafield tag="500" ind1="#" ind2="#">
      <subfield code="a">Dalam rangka mengimplementasikan UU desa dan mewujudkan konsep nawacita, kementerian desa Pembangunan Derah Tertinggal dan Transmigrasi, melalui buku kebangkitan desa ini menjelaskan bagaimana melakukan pembangunan desa dengan berbagai program kerja pemerintah yang direncanakan.</subfield>
    </datafield>
    <datafield tag="650" ind1="#" ind2="4">
      <subfield code="a">otonomi daerah</subfield>
    </datafield>
    <datafield tag="990" ind1="#" ind2="#">
      <subfield code="a">161118650</subfield>
    </datafield>
  </record>
</collection>
